| 000 | nam a22 7a 4500 | ||
|---|---|---|---|
| 999 |
_c129511 _d129511 |
||
| 008 | 190430b xxu||||| |||| 00| 0 eng d | ||
| 050 |
_aBX1938.P3 _bJ15 |
||
| 100 |
_aJacob, Aruputhasamy _946108 |
||
| 245 |
_aFraternity and mutual cooperation among the Clergy _bjuridical and pastoral study of canon 275, 1 of CIC 1983 _cAruputhasamy Jacob |
||
| 260 |
_aRome _bPontificia Universitas Urbaniana _c2009 |
||
| 300 |
_ax, 112p. ; _c24cm. |
||
| 650 |
_aClergy _xCatholic Church _98837 |
||
| 650 |
_aClergy _xCanon law _946093 |
||
| 942 |
_2lcc _cMONOGRAPH |
||